Bazilejské dohody o kapitáli a kapitálová primeranosť bánk v SR
Finančná kríza zasiahla finančné trhy na celom svete, postihla sektor bankovníctva a finančníctva. Banky začali pociťovať problémy v oblasti likvidity a kapitálovej primeranosti. Ako sa postupne ukázalo pravidlá kapitálovej primeranosti nastavené smernicou Bazilej II nie sú postačujúce. Bazilejský v...
Salvato in:
| Autore principale: | |
|---|---|
| Altri autori: | |
| Natura: | Capitolo di libro |
| Lingua: | slovacco |
| Soggetti: | |
| Tags: |
Nessun Tag, puoi essere il primo ad aggiungerne!!
|
MARC
| LEADER | 00000naa a2200000 4500 | ||
|---|---|---|---|
| 001 | 0176587 | ||
| 005 | 20231116095309.0 | ||
| 041 | 0 | |a slo | |
| 044 | |a SK | ||
| 245 | 1 | 0 | |a Bazilejské dohody o kapitáli a kapitálová primeranosť bánk v SR |c Miroslav Szpyrc, Daniel Novota |
| 520 | |a Finančná kríza zasiahla finančné trhy na celom svete, postihla sektor bankovníctva a finančníctva. Banky začali pociťovať problémy v oblasti likvidity a kapitálovej primeranosti. Ako sa postupne ukázalo pravidlá kapitálovej primeranosti nastavené smernicou Bazilej II nie sú postačujúce. Bazilejský výbor preto vydal nové pravidlá Bazilej III, ktoré uvádzajú podrobnosti o globálnych regulačných štandardoch kapitálovej primeranosti bánk a likvidity. Nové pravidlá stanovujú vyšší a kvalitnejší kapitál pre banky, lepšie pokrytie rizík, zavádzajú pákový pomer, opatrenia na podporu vybudovania kapitálu, ktorý sa môže čerpať v krízových obdobiach, a zavedenie globálnych štandardov likvidity. | ||
| 610 | 2 | 0 | |a Európska únia |
| 610 | 2 | 0 | |a trh finančný |
| 610 | 2 | 0 | |a kríza finančná |
| 610 | 2 | 0 | |a primeranosť kapitálová |
| 610 | 2 | 0 | |a banky |
| 610 | 2 | 0 | |a Slovensko |
| 610 | 2 | 0 | |a likvidita |
| 100 | 1 | |a Szpyrc, Miroslav | |
| 700 | 1 | |a Novota, Daniel | |